01031nam a2200241Ia 4500008004100000020001500041082001600056100001300072245004300085250000800128260002700136300001400163500002400177650001400201700003000215942000700245952010400252952010400356952010400460952010400564952010400668999001700772230524s9999 xx 000 0 und d a063205489X a530.33bLEE aB.S.Bahl 0aEssential of Physical Chemistry (866p) a5TH aGERAMNYbS.Chandc2005 aXXXV;1032 aQuantity Number: 5 aChemistry a"G.D.Tuli , Arun Bahl,,," cBK 00104070aTATCLbTATCLcGENd2023-05-24l0o530.33 LEEp453r2023-05-24w2023-05-24yBKzBSCC2101 00104070aTATCLbTATCLcGENd2023-05-24l0o530.33 LEEp454r2023-05-24w2023-05-24yBKzBSCC2101 00104070aTATCLbTATCLcGENd2023-05-24l0o530.33 LEEp455r2023-05-24w2023-05-24yBKzBSCC2101 00104070aTATCLbTATCLcGENd2023-05-24l0o530.33 LEEp456r2023-05-24w2023-05-24yBKzBSCC2101 00104070aTATCLbTATCLcGENd2023-05-24l0o530.33 LEEp457r2023-05-24w2023-05-24yBKzBSCC2101 c12466d12466